Datum a čas kvízu
28.5
Celkem bodů
Celkový počet nahraných bodů na tomto kvízu bez doplňovacích otázek.
4.
Pořadí na kvízu
Konečné umístění týmu na tomto kvízu.
Zaznamenané odpovědi
| # | Otázka | Odpověď | Body | Výsledky |
|---|---|---|---|---|
| 1. | Prestižní novinářskou Cenu Fer... | 1 | ||
| 2. | Extrémní sněhovou nadílku, kte... | 1 | ||
| 3. | Jistá značka vodky přišla tent... | 0 | ||
| 4. | Který muzikant doprovodil svou... | 0 | ||
| 5. | Minulý týden byla oznámena dal... | 1 | ||
| 6. | Ke které knize odkazuje tento... | 1 | ||
| 7. | Naše nejmenší CHKO má rozlohu... | 0 | ||
| 8. | Tato fotka byla pořízena na pr... | 0 | ||
| 9. | Zapátrejte v paměti a napište,... | 1 | ||
| 10. | Kterou lichotivou přezdívkou č... | 1 |